| 000 | 00387nam a2200145Ia 4500 | ||
|---|---|---|---|
| 005 | 20251222144724.0 | ||
| 008 | 251222s9999||||xx |||||||||||||| ||spa|| | ||
| 020 | _a9972-9695-3-3 | ||
| 082 | _a001.42/S23 | ||
| 100 | _aSánchez Carlessi, Hugo | ||
| 245 | 0 | _aMetodología y diseño en la investigación científica | |
| 250 | _a4a.ed. | ||
| 264 | _bVisión Universitaria | ||
| 942 | _cLIB | ||
| 999 |
_c18338 _d18338 |
||